[Event "European Youth Chess Championship G10"]
[Site "Prague, Top Hotel Prague"]
[Date "2016.08.26"]
[Round "8.24"]
[White "Li, Darina"]
[Black "Zulfugarli, Mahluga"]
[Result "0-1"]
[WhiteElo "1182"]
[BlackElo "1373"]
[PlyCount "116"]
[EventDate "2016.08.18"]

1. e4 e5 2. Nf3 Nc6 3. Bc4 Bc5 4. c3 Qe7 5. d3 Nf6 6. Nbd2 d6 7. Bb3 O-O 8. O-O
h6 9. Re1 Ng4 10. Re2 b5 11. h3 Nf6 12. Nf1 b4 13. Ng3 Be6 14. Bc2 bxc3 15.
bxc3 Bb6 16. Nh4 Nh7 17. Ngf5 Bxf5 18. Nxf5 Qf6 19. Re1 Ne7 20. Nxe7+ Qxe7 21.
Qg4 Qf6 22. Qg3 Qg6 23. Qxg6 fxg6 24. Bb3+ Kh8 25. Be3 Bxe3 26. Rxe3 Nf6 27.
Rb1 Rab8 28. Re2 Nh5 29. Reb2 Nf4 30. Bc4 Rb6 31. d4 Re8 32. f3 Ne6 33. dxe5
dxe5 34. Rb5 g5 35. Bd3 Nf4 36. Bc4 Rd8 37. R1b3 Rd1+ 38. Kh2 Rd2 39. Bf1 Rxa2
40. Rxb6 axb6 41. Rb5 Rf2 42. Kg1 Rc2 43. Rxe5 Rxc3 44. Rb5 Kg8 45. Rb1 Kf7 46.
Re1 c6 47. e5 b5 48. g3 Nd5 49. e6+ Ke7 50. h4 gxh4 51. Bh3 Rxf3 52. Rd1 Rxg3+
53. Kh2 b4 54. Ra1 Kd6 55. Ra7 Kc5 56. e7 Re3 57. Bg2 Rxe7 58. Bxd5 Rxa7 0-1

[Event "European Youth Chess Championship G10"]
[Site "Prague, Top Hotel Prague"]
[Date "2016.08.26"]
[Round "8.25"]
[White "Anchikova, Olga"]
[Black "Bashylina, Luisa"]
[Result "0-1"]
[WhiteElo "1283"]
[BlackElo "1664"]
[PlyCount "96"]
[EventDate "2016.08.18"]

1. d4 Nf6 2. c4 g6 3. Nc3 Bg7 4. e4 d6 5. Nf3 O-O 6. Be2 Bg4 7. h3 Bxf3 8. Bxf3
Nfd7 9. O-O Nc6 10. Be3 e5 11. Ne2 Na5 12. Rc1 b6 13. b4 Nc6 14. a3 a5 15. d5
Ne7 16. Nc3 f5 17. Bg5 h6 18. Bxe7 Qxe7 19. exf5 gxf5 20. Bh5 Qg5 21. g3 Nf6
22. Bf3 f4 23. h4 Qg6 24. Qc2 Qxc2 25. Rxc2 axb4 26. axb4 Ra3 27. Bg2 Rb3 28.
Rb1 Rxb1+ 29. Nxb1 Ra8 30. Nc3 Ra3 31. gxf4 exf4 32. Nb5 Ra1+ 33. Kh2 Ne8 34.
Re2 Be5 35. Kh3 Rb1 36. Rc2 Rxb4 37. Be4 Rb3+ 38. Kg2 Nf6 39. Bf3 Ne8 40. Bh5
Nf6 41. Bf3 Ne8 42. Bh5 Ng7 43. Bg4 h5 44. Bd7 f3+ 45. Kh3 Rb1 46. Rc1 Rxc1 47.
Be6+ Nxe6 48. dxe6 Rh1# 0-1

[Event "European Youth Chess Championship G10"]
[Site "Prague, Top Hotel Prague"]
[Date "2016.08.26"]
[Round "8.26"]
[White "Melenchuk, Olga"]
[Black "Rozmanec, Pia"]
[Result "1-0"]
[WhiteElo "1507"]
[BlackElo "1094"]
[PlyCount "119"]
[EventDate "2016.08.18"]

1. Nf3 d5 2. d4 Nf6 3. g3 e6 4. Bg2 Be7 5. O-O O-O 6. c4 c6 7. Qc2 b6 8. b3 Bb7
9. Nc3 Nbd7 10. Rd1 Rc8 11. e4 dxe4 12. Nxe4 c5 13. Nxf6+ Bxf6 14. Bb2 Re8 15.
dxc5 Rxc5 16. Rac1 Bxb2 17. Qxb2 Qe7 18. Qd4 Nf6 19. Qd6 Qxd6 20. Rxd6 e5 21.
Re1 e4 22. Nd2 h6 23. Rd4 Rce5 24. Nf1 Ba6 25. a4 Bb7 26. Rd2 R8e7 27. Rde2 Kf8
28. Nd2 a6 29. Kf1 g5 30. f3 exf3 31. Bxf3 Bxf3 32. Nxf3 Rxe2 33. Rxe2 Rxe2 34.
Kxe2 Ke7 35. Kd3 Kd6 36. Nd4 Ng4 37. h4 gxh4 38. gxh4 h5 39. Nf5+ Kc5 40. Ng7
Nf6 41. Nf5 Kb4 42. Kc2 b5 43. axb5 axb5 44. cxb5 Kxb5 45. Nd6+ Kb4 46. Nxf7
Kc5 47. Ng5 Kb4 48. Nf3 Nd5 49. Nd4 Ne3+ 50. Kb2 Nd1+ 51. Kc1 Ne3 52. Nc2+ Nxc2
53. Kxc2 Kb5 54. Kd3 Kb4 55. Ke4 Kxb3 56. Kf5 Kc4 57. Kg5 Kd5 58. Kxh5 Ke6 59.
Kg6 Ke7 60. Kg7 1-0

[Event "European Youth Chess Championship G10"]
[Site "Prague, Top Hotel Prague"]
[Date "2016.08.26"]
[Round "8.27"]
[White "Dallemura, Anna"]
[Black "Butenandt, Svenja"]
[Result "1-0"]
[WhiteElo "1064"]
[BlackElo "1501"]
[PlyCount "119"]
[EventDate "2016.08.18"]

1. e4 c5 2. Nf3 d6 3. d4 cxd4 4. Nxd4 Nf6 5. Nc3 g6 6. f4 Bg7 7. e5 dxe5 8.
fxe5 Nd5 9. Bb5+ Kf8 10. Nf3 e6 11. Bc4 Nc6 12. Bxd5 exd5 13. Qxd5 Qxd5 14.
Nxd5 Nxe5 15. Nxe5 Bxe5 16. O-O Be6 17. Nb4 Kg7 18. Nd3 Bd4+ 19. Kh1 Bc4 20.
Rd1 Rhd8 21. Nf4 Bf2 22. Rd2 Re8 23. Rd1 Rad8 24. Bd2 Rxd2 25. Rxd2 Be3 26.
Rdd1 Bxf4 27. Rd4 Be5 28. Rxc4 Bxb2 29. Rb1 b6 30. h3 Bf6 31. Rc7 Re2 32. Rxa7
Rxc2 33. Rb7 Rxa2 34. R7xb6 Ra1 35. Rxa1 Bxa1 36. Ra6 Be5 37. g4 g5 38. Kg2 f6
39. Kf3 Kg6 40. Ke4 h5 41. Ra8 h4 42. Re8 Bc3 43. Re6 Kf7 44. Kf5 Bb2 45. Rb6
Bd4 46. Rb7+ Kf8 47. Kg6 Be5 48. Rf7+ Ke8 49. Rxf6 Bf4 50. Rf5 Ke7 51. Rxg5 Bg3
52. Rf5 Ke6 53. Ra5 Be1 54. Rh5 Bg3 55. Kg5 Ke5 56. Rxh4 Bf4+ 57. Kg6 Bg3 58.
Rh5+ Kf4 59. Rf5+ Ke4 60. Rf8 1-0

[Event "European Youth Chess Championship G10"]
[Site "Prague, Top Hotel Prague"]
[Date "2016.08.26"]
[Round "8.28"]
[White "Alimova, Dana"]
[Black "Mustafina, Yuliana"]
[Result "1-0"]
[WhiteElo "1451"]
[BlackElo "1202"]
[PlyCount "57"]
[EventDate "2016.08.18"]

1. e4 e5 2. Nf3 Nc6 3. d4 exd4 4. Nxd4 Nf6 5. Nxc6 bxc6 6. e5 Qe7 7. Qe2 Nd5 8.
c4 Nb6 9. Nd2 Qe6 10. b3 a5 11. g3 a4 12. Bb2 Bb4 13. Qe3 O-O 14. Bg2 Rd8 15.
O-O Ra5 16. a3 Bxd2 17. Qxd2 Ra7 18. c5 Nd5 19. b4 Ne7 20. f4 Ba6 21. Rf2 Bc4
22. f5 Nxf5 23. Bh3 g6 24. Bxf5 gxf5 25. Qg5+ Qg6 26. Rxf5 Qxg5 27. Rxg5+ Kh8
28. e6+ f6 29. Bxf6# 1-0

[Event "European Youth Chess Championship G10"]
[Site "Prague, Top Hotel Prague"]
[Date "2016.08.26"]
[Round "8.31"]
[White "Chachiachvili, Salome"]
[Black "Trasakova, Adela"]
[Result "1-0"]
[WhiteElo "1391"]
[BlackElo "1052"]
[PlyCount "151"]
[EventDate "2016.08.18"]

1. e4 c6 2. Nf3 d5 3. exd5 cxd5 4. d4 Nf6 5. Nc3 Bf5 6. Be2 e6 7. h3 a6 8. O-O
Bd6 9. Bd2 O-O 10. a3 h6 11. b4 Nbd7 12. Be3 Rc8 13. Bd2 b5 14. Rc1 Qb6 15. Be1
Rc6 16. Na2 Rfc8 17. c3 Bf4 18. Bd2 Bxd2 19. Qxd2 Ne4 20. Qe3 Qc7 21. Bd3 Nxc3
22. Bxf5 exf5 23. Nxc3 Rxc3 24. Rxc3 Qxc3 25. Qe7 Qc7 26. Re1 Nf6 27. Qe3 Ne4
28. Nh4 Nd6 29. Qf3 g6 30. Qxd5 Kg7 31. Qe5+ Kh7 32. Qg3 Ne4 33. Qxc7 Rxc7 34.
Ra1 Rc2 35. d5 Rxf2 36. Rd1 Rc2 37. d6 Rc8 38. Nf3 Rd8 39. d7 Nf6 40. Ne5 Kg7
41. Kf2 Kf8 42. Kf3 Kg7 43. Rd6 h5 44. Rxa6 Nxd7 45. Nxd7 Rxd7 46. Ra5 Rb7 47.
Ke3 Rc7 48. Rxb5 Rc3+ 49. Kd4 Rxa3 50. Ra5 Rb3 51. b5 Kf8 52. Kc4 Rb1 53. Ra3
Ke8 54. Rd3 Rc1+ 55. Rc3 Rxc3+ 56. Kxc3 Kd7 57. Kd4 Kd6 58. b6 f6 59. b7 Kc7
60. Kd5 Kxb7 61. Ke6 Kc6 62. Kxf6 Kd5 63. Kxg6 Ke4 64. Kxh5 f4 65. Kg4 Ke5 66.
Kf3 Kf5 67. h4 Kg6 68. Kxf4 Kf6 69. g4 Kg6 70. h5+ Kh6 71. g5+ Kg7 72. Kf5 Kh7
73. h6 Kg8 74. Kf6 Kh7 75. g6+ Kxh6 76. g7 1-0

[Event "European Youth Chess Championship G10"]
[Site "Prague, Top Hotel Prague"]
[Date "2016.08.26"]
[Round "8.32"]
[White "Zrmanovska, Mihaela"]
[Black "Pshevskaya, Yana"]
[Result "0-1"]
[WhiteElo "1091"]
[BlackElo "1362"]
[PlyCount "128"]
[EventDate "2016.08.18"]

1. e4 e6 2. d4 b6 3. Nc3 Bb7 4. Nf3 Bb4 5. Bd3 Nf6 6. e5 Nd5 7. Bd2 Nxc3 8.
bxc3 Be7 9. O-O c5 10. Qe2 O-O 11. Be4 Qc7 12. Qd3 h6 13. Bxb7 Qxb7 14. h3 Rd8
15. Nh2 d5 16. Qg3 Kh8 17. f4 f5 18. exf6 Bxf6 19. Ng4 Qe7 20. Nxf6 Qxf6 21.
Be3 c4 22. Qg4 Rf8 23. Rae1 Nd7 24. Bc1 Rae8 25. Rf2 Qf5 26. Qxf5 Rxf5 27. Rfe2
Rf6 28. f5 Rxf5 29. Rxe6 Rxe6 30. Rxe6 Rf7 31. Rd6 Nf6 32. Bf4 Rd7 33. Rxd7
Nxd7 34. Kf2 Nf6 35. Kf3 Kg8 36. Be5 Ne4 37. Kf4 Kf7 38. Kf5 a6 39. Kf4 Ke6 40.
Bxg7 h5 41. Ke3 Kf5 42. Bh6 Nxc3 43. a3 Nb1 44. a4 Nc3 45. Kd2 Nxa4 46. Ke3 Nc3
47. Kf3 Ne4 48. g4+ hxg4+ 49. hxg4+ Ke6 50. Kf4 a5 51. Kf3 b5 52. Bc1 b4 53.
Ke2 a4 54. Bb2 c3 55. Bc1 b3 56. cxb3 axb3 57. Kd3 b2 58. Bxb2 cxb2 59. Kc2 Nf2
60. Kxb2 Nxg4 61. Kc3 Kf5 62. Kb4 Ke4 63. Kc5 Nf2 64. Kd6 Kxd4 0-1

[Event "European Youth Chess Championship G10"]
[Site "Prague, Top Hotel Prague"]
[Date "2016.08.26"]
[Round "8.33"]
[White "Olszewska, Wiktoria"]
[Black "Katter, Marlene"]
[Result "0-1"]
[WhiteElo "1361"]
[BlackElo "1235"]
[PlyCount "72"]
[EventDate "2016.08.18"]

1. e4 e5 2. Nf3 Nc6 3. Bb5 a6 4. Bxc6 dxc6 5. O-O Bd6 6. d4 Qe7 7. dxe5 Bxe5 8.
Nxe5 Qxe5 9. Nc3 Bd7 10. Re1 O-O-O 11. Qf3 Qf6 12. Qe2 Ne7 13. Bd2 h5 14. a4 h4
15. b4 h3 16. g3 Qg6 17. b5 Bg4 18. Qe3 Qf6 19. bxa6 bxa6 20. Rab1 Rxd2 21. f4
Qd4 22. Qxd4 Rxd4 23. Rb2 Rc4 24. Reb1 Rd8 25. Rb3 Rd2 26. R1b2 Rg2+ 27. Kf1
Rxh2 28. Kg1 Rg2+ 29. Kh1 Bf3 30. Na2 Bxe4 31. Nc3 Nd5 32. Nxe4 Rxe4 33. Rb1
Ree2 34. c4 Rh2+ 35. Kg1 Reg2+ 36. Kf1 Rh1# 0-1

[Event "European Youth Chess Championship G10"]
[Site "Prague, Top Hotel Prague"]
[Date "2016.08.26"]
[Round "8.34"]
[White "Deleu, Leen"]
[Black "Fizerova, Lucie"]
[Result "0-1"]
[WhiteElo "1130"]
[BlackElo "1338"]
[PlyCount "94"]
[EventDate "2016.08.18"]

1. d4 Nf6 2. c4 e6 3. e3 Be7 4. Nf3 O-O 5. Be2 d5 6. c5 Nc6 7. O-O Nd7 8. Nc3
b6 9. b4 bxc5 10. bxc5 Bb7 11. Qb3 Rb8 12. Qa4 f6 13. Bb5 Bxc5 14. dxc5 Nde5
15. Nxe5 Nxe5 16. c6 Ba8 17. Rd1 Qe8 18. Bd3 Bxc6 19. Qh4 Nxd3 20. Rxd3 Qg6 21.
Rd4 f5 22. Qg3 Qf6 23. Qxc7 Rfc8 24. Qg3 e5 25. Rd1 e4 26. Rb1 Rxb1 27. Nxb1
Ba4 28. Re1 Qb6 29. Qe5 Qxb1 30. Qxd5+ Kh8 31. h3 Be8 32. Bd2 Qd3 33. Qxd3 exd3
34. Bb4 Ba4 35. Rb1 Rb8 36. Rb2 a5 37. Rd2 axb4 38. Rxd3 Bc2 39. Rd5 Be4 40.
Re5 g6 41. f3 Bb1 42. Rc5 Bxa2 43. Rc1 b3 44. Kf1 b2 45. Rd1 Rc8 46. Ke2 Bc4+
47. Kd2 Ba2 0-1

[Event "European Youth Chess Championship G10"]
[Site "Prague, Top Hotel Prague"]
[Date "2016.08.26"]
[Round "8.35"]
[White "Drastichova, Eliska"]
[Black "Karavitaki, Antonia"]
[Result "0-1"]
[WhiteElo "1287"]
[BlackElo "1115"]
[PlyCount "146"]
[EventDate "2016.08.18"]

1. e4 c5 2. Nc3 d6 3. f4 Nf6 4. Nf3 Nc6 5. Bc4 e6 6. d3 Be7 7. O-O a6 8. a3 b5
9. Bb3 Bb7 10. Qe1 Qb6 11. Be3 Ng4 12. Bd2 c4+ 13. Kh1 cxb3 14. cxb3 Nf6 15. e5
dxe5 16. fxe5 Nd7 17. Qg3 Bf8 18. Rae1 Nc5 19. Be3 Ne7 20. b4 Nf5 21. Qh3 Nxe3
22. Rxe3 Nd7 23. Re2 Be7 24. Qg3 O-O 25. Ng5 Bxg5 26. Qxg5 Qd8 27. Qg3 Nb6 28.
Ne4 Bxe4 29. Rxe4 Rc8 30. Rh4 Rc2 31. Qh3 h6 32. Rg4 Kh7 33. Qg3 Rg8 34. h3 f6
35. exf6 gxf6 36. d4 Rxg4 37. Qxg4 f5 38. Qh5 Qg5 39. Qf7+ Qg7 40. Qxg7+ Kxg7
41. Re1 Kf6 42. b3 Rd2 43. Rc1 Rxd4 44. Rc6 Nd5 45. Rxa6 Rd1+ 46. Kh2 Rb1 47.
a4 Rxb3 48. axb5 Rxb4 49. Rd6 Rxb5 50. Rd8 e5 51. Rf8+ Kg6 52. Rg8+ Kh7 53. Re8
Ne3 54. Re7+ Kg6 55. Re6+ Kg7 56. Re7+ Kf6 57. Rh7 Kg6 58. Rh8 e4 59. Rg8+ Kf7
60. Rc8 Nd5 61. Kg3 f4+ 62. Kf2 Rb2+ 63. Ke1 e3 64. Rc5 Nb4 65. Rf5+ Ke6 66.
Rxf4 Nd3+ 67. Kf1 e2+ 68. Kg1 Nxf4 69. Kf2 Nd3+ 70. Kg3 e1=Q+ 71. Kf3 Rf2+ 72.
Kg4 Qe4+ 73. Kg3 Rxg2# 0-1

[Event "European Youth Chess Championship G10"]
[Site "Prague, Top Hotel Prague"]
[Date "2016.08.26"]
[Round "8.39"]
[White "Sergejeva, Sofija"]
[Black "Spada, Vittoria"]
[Result "0-1"]
[WhiteElo "1191"]
[BlackElo "1241"]
[PlyCount "74"]
[EventDate "2016.08.18"]

1. e4 e6 2. d4 d5 3. exd5 exd5 4. Nc3 Nf6 5. Bg5 Be7 6. Bxf6 Bxf6 7. Qe2+ Be6
8. Qb5+ Nc6 9. O-O-O Rb8 10. Nf3 O-O 11. h3 a6 12. Qe2 b5 13. Ne5 Qd6 14. f4
Bxe5 15. fxe5 Qb4 16. a3 Qa5 17. Kd2 Nxd4 18. Qf2 Nc6 19. Qf4 d4 20. b4 dxc3+
21. Kxc3 Qxa3+ 22. Kd2 Nxb4 23. Ke1 Nxc2+ 24. Kf2 f6 25. Kg1 Qc5+ 26. Qf2 Qxf2+
27. Kxf2 fxe5+ 28. Kg1 Rbd8 29. Rc1 Bb3 30. Kh2 c5 31. Be2 c4 32. Bf3 a5 33.
Bc6 b4 34. Bb5 c3 35. Bc6 Nd4 36. Be4 c2 37. Rhe1 Ba4 0-1

[Event "European Youth Chess Championship G10"]
[Site "Prague, Top Hotel Prague"]
[Date "2016.08.26"]
[Round "8.45"]
[White "Ratnesan, Radha"]
[Black "Simalcikova, Sara"]
[Result "1-0"]
[WhiteElo "1074"]
[BlackElo "1071"]
[PlyCount "101"]
[EventDate "2016.08.18"]

1. e4 e5 2. Nf3 Nf6 3. Nxe5 d6 4. Nf3 Nc6 5. Nc3 Be7 6. d4 h6 7. Bb5 Bd7 8. Bf4
a6 9. Ba4 b5 10. Bb3 Bg4 11. h3 Bh5 12. d5 Ne5 13. Bxe5 dxe5 14. g4 Bg6 15.
Nxe5 Bxe4 16. Nxe4 Nxe4 17. Qe2 Nd6 18. Nc6 Qd7 19. Qxe7+ Qxe7+ 20. Nxe7 Kxe7
21. Kd2 Kd7 22. Rhe1 Rhe8 23. Kd3 Rxe1 24. Rxe1 Re8 25. Rxe8 Kxe8 26. Kd4 f6
27. a4 bxa4 28. Bxa4+ Kd8 29. c4 Nf7 30. f4 g5 31. f5 Kc8 32. b4 Kb7 33. Bc6+
Kb6 34. c5+ Ka7 35. Be8 Nd8 36. Bc6 Nxc6+ 37. dxc6 Kb8 38. Kd5 Kc8 39. Ke6 Kd8
40. Kxf6 Ke8 41. Kg6 Kf8 42. Kxh6 Kf7 43. Kxg5 Kg7 44. f6+ Kf8 45. Kg6 Kg8 46.
h4 Kh8 47. h5 a5 48. f7 axb4 49. h6 b3 50. h7 b2 51. f8=Q# 1-0

[Event "European Youth Chess Championship G10"]
[Site "Prague, Top Hotel Prague"]
[Date "2016.08.26"]
[Round "8.48"]
[White "Suarez, Gomez Paula"]
[Black "Berezovsky, Fiorina"]
[Result "1/2-1/2"]
[WhiteElo "1011"]
[BlackElo "1105"]
[PlyCount "46"]
[EventDate "2016.08.18"]

1. e4 c5 2. Nf3 a6 3. c3 Nc6 4. d4 e6 5. Bf4 d6 6. Bg3 d5 7. e5 cxd4 8. cxd4
Bb4+ 9. Nc3 Qa5 10. Qd2 Bxc3 11. Qxc3 Qxc3+ 12. bxc3 b5 13. a3 Bb7 14. Bd3 Nge7
15. O-O O-O 16. Rab1 Rab8 17. Rb2 Rfd8 18. Bh4 Rd7 19. Rfb1 h6 20. Bg3 Rc7 21.
Nd2 Nd8 22. Rc2 Rbc8 23. f4 Bc6 1/2-1/2

[Event "European Youth Chess Championship G10"]
[Site "Prague, Top Hotel Prague"]
[Date "2016.08.27"]
[Round "9.1"]
[White "Gaal, Zsoka"]
[Black "Nadzamova, Viktoria"]
[Result "1-0"]
[WhiteElo "1792"]
[BlackElo "1694"]
[PlyCount "81"]
[EventDate "2016.08.18"]

1. Nf3 Nf6 2. g3 b5 3. Bg2 Bb7 4. O-O e6 5. d3 c5 6. e4 d6 7. Nbd2 Be7 8. c3
Qb6 9. Qc2 Nc6 10. Re1 O-O 11. Nf1 Rac8 12. Bf4 Rfd8 13. Rad1 h6 14. h4 d5 15.
Qb1 d4 16. cxd4 Nxd4 17. Nxd4 Rxd4 18. Be3 Rd7 19. Nh2 Qd8 20. Nf3 Ng4 21. Bf4
g5 22. hxg5 hxg5 23. Be3 Nxe3 24. Rxe3 c4 25. d4 Bc5 26. Ree1 Bxd4 27. Qc1 f6
28. Bh3 Kf7 29. Bg2 Qb6 30. Nxd4 Rxd4 31. Rxd4 Qxd4 32. Rd1 Qb6 33. Rd7+ Ke8
34. Rh7 Rd8 35. Qc2 Rd3 36. Kh2 Kf8 37. Qe2 Qc6 38. Qh5 Rd7 39. Qh6+ Ke8 40.
Rh8+ Ke7 41. Qf8# 1-0

[Event "European Youth Chess Championship G10"]
[Site "Prague, Top Hotel Prague"]
[Date "2016.08.27"]
[Round "9.4"]
[White "Puia, Alexia-Teodora"]
[Black "Pawicka, Magdalena"]
[Result "0-1"]
[WhiteElo "1392"]
[BlackElo "1501"]
[PlyCount "120"]
[EventDate "2016.08.18"]

1. d4 Nf6 2. c4 e6 3. Nc3 Bb4 4. Qc2 c5 5. dxc5 Na6 6. Bg5 Nxc5 7. f3 O-O 8. e4
d6 9. O-O-O Qe7 10. Nge2 Rd8 11. f4 h6 12. Bh4 Ncd7 13. f5 Ne5 14. Nf4 Bxc3 15.
Qxc3 Rd7 16. fxe6 fxe6 17. Bd3 g5 18. Bc2 gxh4 19. Qh3 Nh7 20. Bb3 Rc7 21. Rd4
Qg5 22. g3 Nf7 23. Qxh4 Qxh4 24. gxh4 e5 25. Rg1+ Kf8 26. Ng6+ Ke8 27. Rd2 Be6
28. Ba4+ Bd7 29. Bxd7+ Kxd7 30. b3 Nf8 31. Rf1 Ke6 32. h5 Nxg6 33. hxg6 Ng5 34.
Rg2 Rg8 35. Rfg1 Rcg7 36. Kc2 Nf3 37. Rf1 Nd4+ 38. Kd3 Rxg6 39. Rgf2 R8g7 40.
Rf8 Nc6 41. Kc3 Rg8 42. R8f7 Nd8 43. R7f2 R8g7 44. Rf8 Ke7 45. R8f2 Rf7 46. Kb4
Rxf2 47. Rxf2 Rg4 48. Re2 Nf7 49. c5 d5 50. c6 bxc6 51. Ka5 Rxe4 52. Rc2 Kd6
53. Ka6 d4 54. Kxa7 d3 55. Rd2 Rd4 56. Kb6 e4 57. a4 e3 58. Rg2 e2 59. Rg6+ Kd5
60. Rxc6 e1=Q 0-1

[Event "European Youth Chess Championship G10"]
[Site "Prague, Top Hotel Prague"]
[Date "2016.08.27"]
[Round "9.5"]
[White "Mihelic, Vesna"]
[Black "Oz, Irem Ezra"]
[Result "1-0"]
[WhiteElo "1412"]
[BlackElo "1403"]
[PlyCount "101"]
[EventDate "2016.08.18"]

1. e4 c5 2. b3 d5 3. exd5 Qxd5 4. Nc3 Qd8 5. Bb2 Nf6 6. Nf3 Nc6 7. Bb5 Bd7 8.
O-O a6 9. Bxc6 Bxc6 10. Ne5 Bd5 11. Nxd5 Qxd5 12. c4 Qd8 13. d4 e6 14. Qf3 Qb6
15. Rad1 Be7 16. Ng4 Nxg4 17. Qxg4 Bf6 18. dxc5 Qxc5 19. Bxf6 gxf6 20. Qf3 Qe7
21. Rd2 O-O 22. Rfd1 Rad8 23. h3 b5 24. cxb5 axb5 25. Qg4+ Kh8 26. Rxd8 Rxd8
27. Rxd8+ Qxd8 28. Qb4 Qe8 29. a4 bxa4 30. bxa4 Qc8 31. a5 Qc1+ 32. Kh2 Qc7+
33. g3 Kg7 34. Qb6 Qc8 35. a6 Qa8 36. Qb7 Qd8 37. a7 Qd2 38. a8=Q Qxf2+ 39. Qg2
Qc5 40. Qac6 Qe5 41. Qge4 Qg5 42. Qg4 Qxg4 43. hxg4 e5 44. Qe4 Kh6 45. Qf5 Kg7
46. g5 fxg5 47. Qxg5+ Kf8 48. Qxe5 h6 49. Qh8+ Ke7 50. Qxh6 f6 51. Kg2 1-0

[Event "European Youth Chess Championship G10"]
[Site "Prague, Top Hotel Prague"]
[Date "2016.08.27"]
[Round "9.6"]
[White "Rejniak, Zuzanna"]
[Black "Starosta, Martyna"]
[Result "0-1"]
[WhiteElo "1381"]
[BlackElo "1624"]
[PlyCount "58"]
[EventDate "2016.08.18"]

1. e4 e6 2. d3 d5 3. Nd2 Nf6 4. Ngf3 c5 5. g3 Nc6 6. Bg2 Be7 7. O-O O-O 8. Re1
Qc7 9. Nf1 dxe4 10. dxe4 e5 11. Qe2 Bg4 12. h3 Nd4 13. Qd3 Bxf3 14. Bxf3 Rfd8
15. Bg2 c4 16. Qc3 b5 17. b3 b4 18. Qb2 cxb3 19. cxb3 Nc2 20. Bg5 Nxe1 21. Rxe1
Qc3 22. Qxc3 bxc3 23. Rc1 Rac8 24. f4 h6 25. Bh4 c2 26. Bf3 Ba3 27. fxe5 g5 28.
exf6 gxh4 29. gxh4 Bxc1 0-1

[Event "European Youth Chess Championship G10"]
[Site "Prague, Top Hotel Prague"]
[Date "2016.08.27"]
[Round "9.7"]
[White "Kecskemeti, Admira Aida"]
[Black "Strendeva, Viktoria"]
[Result "1-0"]
[WhiteElo "1300"]
[BlackElo "1431"]
[PlyCount "93"]
[EventDate "2016.08.18"]

1. d4 Nf6 2. g3 c5 3. Nf3 cxd4 4. Nxd4 e5 5. Nb3 d5 6. Bg5 Be7 7. Bg2 d4 8. c3
dxc3 9. Qxd8+ Bxd8 10. Nxc3 Na6 11. O-O O-O 12. Bxf6 Bxf6 13. Na5 Rb8 14. Nb5
Bd7 15. Nd6 b6 16. Nac4 Be6 17. Rac1 Nc7 18. Rfd1 Rfd8 19. Na3 Nd5 20. Ndb5 a6
21. Na7 Rb7 22. Nc6 Rd6 23. e4 Rxc6 24. Rxc6 Nb4 25. Rcd6 h6 26. f4 Bg4 27.
R1d2 Kf8 28. fxe5 Bxe5 29. Rd8+ Ke7 30. Nc4 Bc7 31. Ra8 a5 32. e5 Rb8 33. Ra7
Be6 34. Rxc7+ Ke8 35. Nd6+ Kf8 36. a3 Na6 37. Ra7 Nc5 38. Bd5 Bxd5 39. Rxd5 f6
40. exf6 gxf6 41. Rf5 Kg8 42. Rxf6 h5 43. Rg6+ Kh8 44. Rgg7 h4 45. Nc4 Rd8 46.
Ne5 Rc8 47. Ng6# 1-0

[Event "European Youth Chess Championship G10"]
[Site "Prague, Top Hotel Prague"]
[Date "2016.08.27"]
[Round "9.8"]
[White "Ivanova, Dilyana"]
[Black "Poliato, Irina"]
[Result "1-0"]
[WhiteElo "1382"]
[BlackElo "1280"]
[PlyCount "49"]
[EventDate "2016.08.18"]

1. e4 c6 2. d4 d5 3. Nc3 dxe4 4. Nxe4 Bf5 5. Ng3 Bg6 6. Bc4 Nf6 7. N1e2 e6 8.
Nf4 Nbd7 9. Nxg6 hxg6 10. O-O Qc7 11. h3 Bd6 12. Qf3 O-O-O 13. Ne2 Nb6 14. Bd3
e5 15. dxe5 Bxe5 16. Bf4 Bxf4 17. Nxf4 Rhe8 18. a4 Nbd5 19. Nxd5 Nxd5 20. Qg4+
Kb8 21. Rfd1 Rd6 22. Re1 Rde6 23. Rxe6 Rxe6 24. Qh4 Qe5 25. Qd8# 1-0

[Event "European Youth Chess Championship G10"]
[Site "Prague, Top Hotel Prague"]
[Date "2016.08.27"]
[Round "9.9"]
[White "Aydin, Gulenay"]
[Black "Lomakina, Anzhelika"]
[Result "0-1"]
[WhiteElo "1373"]
[BlackElo "1654"]
[PlyCount "88"]
[EventDate "2016.08.18"]

1. e4 e5 2. Nf3 Nc6 3. Bb5 Nf6 4. O-O Nxe4 5. d4 Nd6 6. Bxc6 dxc6 7. dxe5 Nf5
8. Qxd8+ Kxd8 9. Bg5+ Ke8 10. Nc3 Be6 11. a3 h6 12. Bd2 Rd8 13. Rad1 g5 14. h3
c5 15. Nb5 c6 16. Nc7+ Ke7 17. Nxe6 Kxe6 18. Bc3 Bg7 19. Rfe1 Rd5 20. Rd2 Rxd2
21. Nxd2 Nd4 22. Bxd4 cxd4 23. Nf3 Kd5 24. b4 b6 25. g3 Re8 26. Kf1 Bxe5 27.
Nd2 Re6 28. Nb3 c5 29. Rd1 Kc4 30. bxc5 bxc5 31. Rd3 Ra6 32. Nd2+ Kd5 33. c4+
Kc6 34. Rf3 f6 35. Ne4 Ra4 36. Nxf6 Rxc4 37. Ng4 Rc1+ 38. Ke2 Kd5 39. Nxh6 c4
40. Nf7 d3+ 41. Kd2 Rc2+ 42. Kd1 Bc3 43. Nxg5 Ra2 44. Rf5+ Kc6 0-1

[Event "European Youth Chess Championship G10"]
[Site "Prague, Top Hotel Prague"]
[Date "2016.08.27"]
[Round "9.10"]
[White "Karacsonyi, Kata"]
[Black "Volovich, Julia"]
[Result "1-0"]
[WhiteElo "1544"]
[BlackElo "1435"]
[PlyCount "69"]
[EventDate "2016.08.18"]

1. e4 e6 2. b3 d5 3. Bb2 Nf6 4. e5 Nfd7 5. Qg4 c5 6. Nf3 Qc7 7. Bd3 Nc6 8. Bb5
Ne7 9. O-O Ng6 10. Re1 b6 11. Nh4 Nxh4 12. Qxh4 Be7 13. Qg4 O-O 14. f4 c4 15.
Bxd7 Bxd7 16. Nc3 b5 17. Ne2 cxb3 18. cxb3 Bc5+ 19. Kh1 Qb6 20. Ng3 Kh8 21. Rf1
Bc6 22. f5 Bd7 23. b4 Be7 24. f6 gxf6 25. exf6 Rg8 26. fxe7+ e5 27. Qxd7 f6 28.
Qxd5 Rae8 29. Bxe5 h6 30. Bxf6+ Rg7 31. Bxg7+ Kxg7 32. Qf7+ Kh8 33. Qxe8+ Kg7
34. Qf7+ Kh8 35. e8=R# 1-0

[Event "European Youth Chess Championship G10"]
[Site "Prague, Top Hotel Prague"]
[Date "2016.08.27"]
[Round "9.11"]
[White "Zulfugarli, Mahluga"]
[Black "Karaivanova, Petya"]
[Result "1-0"]
[WhiteElo "1373"]
[BlackElo "1534"]
[PlyCount "91"]
[EventDate "2016.08.18"]

1. e4 e5 2. Nf3 Nc6 3. Bb5 a6 4. Ba4 Nf6 5. O-O Be7 6. Re1 b5 7. Bb3 O-O 8. c3
d6 9. h3 Na5 10. Bc2 c5 11. d4 Nc6 12. d5 Na5 13. b3 Bd7 14. Nbd2 Ne8 15. Nf1
f5 16. Ng3 f4 17. Nf1 Nf6 18. N1h2 Qe8 19. Bb2 Nh5 20. Qd2 Qg6 21. Kh1 Nb7 22.
Qe2 Nd8 23. c4 Nf7 24. Rad1 bxc4 25. bxc4 Rab8 26. Bc3 Ng5 27. Nh4 Qe8 28. Nf5
Bxf5 29. exf5 Nf6 30. Bxe5 dxe5 31. Qxe5 Rb7 32. d6 Bd8 33. Qxc5 Qf7 34. Bb3
Nfe4 35. Qd4 Rxb3 36. axb3 Bb6 37. Qxb6 Qxf5 38. d7 Ne6 39. Rd5 Qf6 40. Ng4 Qg6
41. Re5 N4c5 42. Rxe6 Nxe6 43. Qxe6+ Qxe6 44. Rxe6 Rd8 45. Re8+ Rxe8 46.
dxe8=Q# 1-0

[Event "European Youth Chess Championship G10"]
[Site "Prague, Top Hotel Prague"]
[Date "2016.08.27"]
[Round "9.12"]
[White "Vicze, Kata"]
[Black "Denic, Hana"]
[Result "1-0"]
[WhiteElo "1495"]
[BlackElo "1412"]
[PlyCount "55"]
[EventDate "2016.08.18"]

1. e4 e5 2. d4 exd4 3. Qxd4 Nc6 4. Qe3 Be7 5. Bd2 Nf6 6. Nc3 d6 7. O-O-O Ng4 8.
Qe1 Nd4 9. h3 Ne5 10. f4 Ng6 11. Qf2 c5 12. Nf3 Nc6 13. Bc4 Be6 14. Bb5 Bd7 15.
g4 Qc7 16. Nd5 Qd8 17. g5 a6 18. Bd3 f6 19. h4 Na7 20. h5 Nf8 21. e5 Bc6 22.
exf6 gxf6 23. gxf6 Bxf6 24. Rde1+ Kf7 25. Ng5+ Kg8 26. Bc4 Kg7 27. h6+ Kg8 28.
Ne7# 1-0